000 00455cam a2200193ua 4500
001 18624
008 190312n II |||gr||||Z||||||asm
040 _aMAIN
041 _aEnglish
082 _a351 DAS
100 _aDAS, DR. MRIGENDRA NARAYAN.
245 _aLOKA PRASASHAN
250 _a1st--2012-13.
260 _aJORHAT:
_bBIDYA BHAWAN .
300 _a404:
_c20CM.
653 _aPublic administration
700 _aGOHAIN, NABIN.
942 _cBK
999 _c18497
_d18497